| 000 | 00457nam a22001697a 4500 | ||
|---|---|---|---|
| 003 | NUST - PNEC | ||
| 005 | 20170116181036.0 | ||
| 008 | 150919b xxu||||| |||| 00| 0 eng d | ||
| 020 | _a0442013574 | ||
| 040 | _cLIBRARY | ||
| 082 | _a621.38254 PAT | ||
| 100 |
_911365 _a Pattan, Bruno |
||
| 245 |
_aSatellite systems : principles and technologies _cBruno Pattan |
||
| 260 | _cc.1993 | ||
| 650 |
_911367 _aArtificial satellites _xMIS, EE |
||
| 942 |
_2ddc _cBK |
||
| 999 |
_c67919 _d67919 |
||